| 000 | 01023nam a2200265Ia 4500 | ||
|---|---|---|---|
| 003 | OSt | ||
| 005 | 20221005111503.0 | ||
| 006 | a|||||r|||| 00| 0 | ||
| 007 | ta | ||
| 008 | 221004b |||||||| |||| 00| 0 hin d | ||
| 020 |
_a8126012374 (hbk) _c350 |
||
| 024 | _a86687 | ||
| 037 |
_bB174/06, 30/03/2007, Bharat Pustak Bhandar _cTextual |
||
| 040 |
_aCRL _cCRL _bhin |
||
| 041 |
_2hin _ahin |
||
| 082 | _aO152,1J32:g(R5), P1 | ||
| 100 | _aशर्मा, राम विलास | ||
| 245 | 0 | _aभारतीय सौंदर्य बोध और तुलसीदास | |
| 246 | _aBhāratīya sauandarya bodh aur tulasīdāsa | ||
| 260 |
_aनई दिल्ली _bसाहित्य अकादमी भारत _c2001 |
||
| 300 |
_a527पृ0 _ccm. |
||
| 650 | _aहिन्दी साहित्य | ||
| 942 |
_hO152,1J32:g(R5), P1 _cTEXL _2cc |
||
| 999 |
_c1021989 _d1021989 |
||